000 00848na a2200265 4500
001 13356
003 MIRAKIL
005 20181213154948.0
008 161010b tu 000 0
020 _a9072458567
035 _a13356
040 _aMilas
_btur
_cTR-AnCHP
041 _aeng
082 _a305.4
_bA26w 1997
090 _a305.4 A26w 1997
110 _aAfrican European İnstitute
111 _aWomen in decision-making
_cCape Town
_d1996
245 _aWomen in decision-making
_bSeminar report, Cape Town, South Africa, 5 September 1996
_cAfrican European İnstitute
260 _aCape Town
_bAfrican European Institute
_c1997
300 _a60 s.
_bres.
_c25 sm.
650 _aEşitlik
_xSiyasal haklar
_zAfrika
650 _aKadın hakları
_xToplantılar
650 _aToplumsal cinsiyet
_xToplantılar
_zAfrika
942 _2ddc
_cBKS
999 _c3930
_d3930